00824nam a22001455i 4500001000700000003000900007005001700016008004100033100007400074245024000148260006100388300002100449650003500470852017300505160143ES-MaACL20250718042051.0970902s1853 sp |||| | spa d1 aGómez de la Cortina, Joaquín cMarqués de Morante (d1805-1868)10aInforme que acerca de la reforma del plan y reglamento de estudios, y en cumplimiento de la Real Orden Circular de 4 de octubre de 1855, ha elevado al Excmo. Señor Ministro de Gracia y Justicia el Excmo. Señor Marqués de Morante. aMadrid : b[s.n.], c1853 (fImp. de José M. Ducazcal) a64 p. ; c25 cm.04aEnseñanza-zEspaña-yS.XIX aES-MaACLjT-387-F-3 z- Enc. hol., falto de cub. original z- Enc. en un vol. facticio z.- En port:: Sello de "Los Escolares Médicos" y firma de Gustavo Saenz Díez